...

NIRU LIBRARY

Elon Musk / (Record no. 518)

MARC details
000 -LEADER
fixed length control field 00663nam a22002057a 4500
003 - CONTROL NUMBER IDENTIFIER
control field OSt
005 - DATE AND TIME OF LATEST TRANSACTION
control field 20241017124158.0
008 - FIXED-LENGTH DATA ELEMENTS--GENERAL INFORMATION
fixed length control field 241017b |||||||| |||| 00| 0 eng d
020 ## - INTERNATIONAL STANDARD BOOK NUMBER
International Standard Book Number 9781398527492
040 ## - CATALOGING SOURCE
Transcribing agency Niruc
050 ## - LIBRARY OF CONGRESS CALL NUMBER
Classification number PN1008.2.
Item number I83 2023
100 ## - MAIN ENTRY--PERSONAL NAME
Personal name Isaacson, Walter
245 ## - TITLE STATEMENT
Title Elon Musk /
Statement of responsibility, etc. Walter Isaacson
260 ## - PUBLICATION, DISTRIBUTION, ETC.
Place of publication, distribution, etc. London ;
Name of publisher, distributor, etc. Simon & Schuter UK Ltd,
Date of publication, distribution, etc. 2023.
300 ## - PHYSICAL DESCRIPTION
Extent xi, 667p :
Other physical details illustrations (some color)
Dimensions 25cm
650 ## - SUBJECT ADDED ENTRY--TOPICAL TERM
Source of heading or term Musk, Elon
Topical term or geographic name entry element Juvenile literature
651 ## - SUBJECT ADDED ENTRY--GEOGRAPHIC NAME
Source of heading or term Businesspeople
Geographic name United States
Form subdivision Biography Juvenile literature
651 ## - SUBJECT ADDED ENTRY--GEOGRAPHIC NAME
Source of heading or term Businesspeople
Geographic name South Africa
Form subdivision Biography Juvenile literature
942 ## - ADDED ENTRY ELEMENTS (KOHA)
Source of classification or shelving scheme Library of Congress Classification
Koha item type Books
Suppress in OPAC No
Holdings
Withdrawn status Lost status Source of classification or shelving scheme Damaged status Not for loan Collection Home library Current library Shelving location Date acquired Total checkouts Total renewals Full call number Barcode Date last seen Date last checked out Price effective from Koha item type
    Library of Congress Classification     Non-fiction NIRU LIBRARY NIRU LIBRARY On display 10/17/2024 2 1 PN1008.2.I83 2023 2024-0005 12/10/2025 11/07/2025 10/17/2024 Books
Copyright © 2025&6. National Intelligence and Research University. All Rights Reserved.